000 00705nam a2200229 a 4500
999 _c463
_d463
001 463
003 BD-JhCC
005 20171019141805.0
008 171005s2001 bg a|||| |||| 000 0 mul d
020 _a9844102146
035 _a(BD-JhCC)463
040 _aBD-JhCC
_dBD-JhCC
041 _abengali
082 _222
_a915.498
_bCHA 2001
100 _aচাকমা, এস এম
245 _aআমার দেখা ভুটান /
_c এস এম চাকমা
260 _aঢাকা :
_bমাওলা ব্রাদার্স,
_c২০০১.
300 _a৮০ পৃ. :
_bill. ;
_c২২ সেমি.
650 _aTravel
_zBangladesh
942 _2ddc
_cBK